• 首页
  • 本馆介绍
  • 公告通知
  • 最新文献
  • 馆藏检索
  • 电子资源
  • 读者导购
  • 参考咨询
  • 我的图书馆
  • 登录
  • 详细信息显示
  • 放入我的书架
  • 预约/预借图书
  • 作者相关作品
  • 分类相关作品
  • 丛书相关作品
  • 出版社相关作品

书目信息

  • 表格格式
  • 工作单格式
  • 卡片格式
题名:
手把手教您学修混合动力汽车
    
 
作者: 李伟 主编
分册:  
出版信息: 北京   机械工业出版社  2015
页数: 266页
开本: 26cm
丛书名: 手把手教您学修车丛书
单 册:
中图分类: U469.7
科图分类:
主题词: 混合动力汽车--Hun He Dong Li Qi Che--车辆修理
电子资源:
ISBN: 978-7-111-50544-0
000 01032nam 2200277 450
001 CAL 012015122112
005 20170615153610.21
010    @a978-7-111-50544-0@b@dCNY49.90
099    @aCAL 012015122112
100    @a20151021d2015 em y0chiy50 ea
101 0  @achi
102    @aCN@b110000
105    @aak z 000yy
106    @ar
200 1  @a手把手教您学修混合动力汽车@AShou Ba Shou Jiao Nin Xue Xiu Hun He Dong Li Qi Che@f李伟主编@g
210    @a北京@c机械工业出版社@d2015
215    @a266页@c图@d26cm
225 2  @a手把手教您学修车丛书@AShou Ba Shou Jiao Nin Xue Xiu Che Cong Shu
330    @a本书介绍了混合动力汽车的类型、工作原理、结构特点以及故障诊断和维修方法等,书中详细讲述混合动力汽车的基本知识,对混合动力汽车的储能装置、驱动系统等进行了全面系统的论述。
410  0 @12001 @a手把手教您学修车丛书
606 0  @a混合动力汽车@AHun He Dong Li Qi Che@x车辆修理
690    @aU469.7@v5
701  0 @a李伟@ALi Wei@4主编
801  0 @aCN@bZHONGJIAO@c20170609@g
905    @aBZT@dU469.7@e1
906    @dCNY49.90@n3@r1
    
    手把手教您学修混合动力汽车/李伟主编.-北京:机械工业出版社,2015
    266页:图;26cm.-(手把手教您学修车丛书)
    
    
    ISBN 978-7-111-50544-0:CNY49.90
    本书介绍了混合动力汽车的类型、工作原理、结构特点以及故障诊断和维修方法等,书中详细讲述混合动力汽车的基本知识,对混合动力汽车的储能装置、驱动系统等进行了全面系统的论述。
●
相关链接 在五车中查询图书 在当当中查询图书 在豆瓣中查询图书


正题名:手把手教您学修混合动力汽车     索取号:U469.7/1         预约/预借

序号 登录号 条形码 馆藏地/架位号 状态 备注
1 830665   2000830665   第二书库/ [索取号:U469.7/1] 在馆    
2 830666   2000830666   第二书库/ [索取号:U469.7/1] 在馆    
3 830667   2000830667   第二书库/ [索取号:U469.7/1] 在馆    
山东省滨州职业学院图书馆 欢迎您!
大连网信软件有限公司© 版权所有